Language Quiz

Random Language Quiz

Proverbs Badly Translated Quiz Stats

 Plays Quiz not verified by Sporcle

Also try: Famous Proverbs
Challenge
Share
Tweet
Embed
Score 0/20 Timer 08:00
0 Plays Today
Bad Translation Proverb % Correct
Rapid bird obtains earthwormThe early bird gets the worm
97.1%
Where the will, the mannerWhere there's a will, there's a way
86.8%
The bird of labor assistant is a value of two of the bushesA bird in the hand is worth two in the bush
79.4%
Better it is not never that behind scheduleBetter late than never
76.5%
Each cloud has undoubtedly somethingEvery cloud has a silver lining
75%
The shining thing is not the goldAll that glitters is not gold
72.1%
All truly in love with warAll's fair in love and war
70.6%
The penny which preserves is the penny which winsA penny saved is a penny earned
69.1%
The whole does not put your egg which is by one wicker basketDon't put all your eggs in one basket
69.1%
Entire work and game there is no boy of the wit of Jack of the dullAll work and no play makes Jack a dull boy
69.1%
Bad Translation Proverb % Correct
Does not exist no place as the houseThere's no place like home
63.2%
As for two damage right is not madeTwo wrongs don't make a right
63.2%
Other days, other American US dollarAnother day, another dollar
60.3%
Revenge is the better than the plate, is which they served coldRevenge is a dish best served cold
60.3%
Calculate your blessings of the paradiseCount your blessings
54.4%
The mixture is the herb of livingVariety is the spice of life
48.5%
All dogs pass that dayEvery dog has its day
36.8%
Good defense is the good violationThe best defense is a good offense
27.9%
If you are impossible to strike to them, them it linksIf you can't beat them, join them
25%
All situations must go from first until endAll things must pass
7.4%

You're not logged in!

Compare scores with friends on all Sporcle quizzes.
Join for Free
OR
Log In

You Might Also Like...

Show Comments

Extras

Top Quizzes Today


Score Distribution

Your Account Isn't Verified!

In order to create a playlist on Sporcle, you need to verify the email address you used during registration. Go to your Sporcle Settings to finish the process.

Report this User

Report this user for behavior that violates our Community Guidelines.

Details: